[Event "ECC"]
[Site "Halkidiki GRE"]
[Date "2002.09.25"]
[Round "4"]
[White "Bacrot,E"]
[Black "Bogdanovski,V"]
[Result "1/2-1/2"]
[WhiteElo "2653"]
[BlackElo "2483"]

1.d4 Nf6 2.c4 e6 3.Nc3 Bb4 4.Nf3 c5 5.g3 Ne4 6.Qd3 Qa5 7.Qxe4 Bxc3+ 8.Bd2 Bxd2+
9.Nxd2 Nc6 10.d5 Nd4 11.Kd1 Nf5 12.e3 Qc7 13.Bd3 Ne7 14.dxe6 dxe6 15.Kc2 e5
16.Qh4 f5 17.Rad1 Be6 18.Nb1 O-O 19.Nc3 a6 20.Be2 Rad8 21.Rxd8 Rxd8 22.Rd1 Rxd1
23.Kxd1 Qd6+ 24.Kc1 Nc6 25.Qh5 g6 26.Qf3 h6 27.Qh1 Kf7 28.Qd1 Qxd1+ 29.Kxd1 Ke7
30.f4 Kd6  1/2-1/2

[Event "7th ECCW"]
[Site "Antalya TUR"]
[Date "2002.09.30"]
[Round "2"]
[White "Vasilevich,T"]
[Black "Peptan,C"]
[Result "1/2-1/2"]
[WhiteElo "2425"]
[BlackElo "2477"]

1.d4 Nf6 2.c4 e6 3.Nc3 Bb4 4.Nf3 b6 5.e3 Bb7 6.Bd3 c5 7.a3 cxd4 8.exd4 Bxc3+
9.bxc3 Qc7 10.O-O O-O 11.Re1 d5 12.cxd5 Bxd5 13.Bg5 Nbd7 14.Ne5 h6 15.Nxd7 Nxd7
16.Bxh6 gxh6 17.Qg4+ Kh8 18.Qh4 Kg7 19.Qg4+ Kh8 20.Qh4 Kg7 21.Qg4+ Kh8  1/2-1/2

[Event "EuYCh B16"]
[Site "Peniscola ESP"]
[Date "2002.10.01"]
[Round "3"]
[White "Barnaure,V"]
[Black "Rees,I"]
[Result "0-1"]
[WhiteElo "2234"]
[BlackElo "2079"]

1.d4 Nf6 2.c4 e6 3.Nc3 Bb4 4.Nf3 b6 5.Bg5 Bb7 6.e3 h6 7.Bh4 g5 8.Bg3 Ne4
9.Qc2 Bxc3+ 10.bxc3 Nxg3 11.fxg3 g4 12.Nh4 Qg5 13.Qf2 O-O 14.Bd3 f5 15.O-O Nc6
16.Qe2 Ne7 17.Rf4 d5 18.c5 bxc5 19.Rb1 Rab8 20.Rff1 c4 21.Bc2 Bc6 22.Qf2 Rb6
23.a4 Rfb8 24.a5 Rb2 25.Rxb2 Rxb2 26.Ra1 Nc8 27.Qd2 Nd6 28.Kf1 Ne4 29.Qc1 Rb8
30.Bxe4 fxe4 31.Ke2 Qf6 32.Rb1 Rf8 33.Qe1 a6 34.Kd2 Bb5 35.Qe2 h5 36.h3 Qg5
37.Rg1 Kg7 38.Qe1 Ba4 39.Qe2 Rb8 40.Kc1 Rb3 41.hxg4 Rxc3+  0-1

[Event "11th Monarch Assurance"]
[Site "Port Erin IOM"]
[Date "2002.10.03"]
[Round "6"]
[White "Blackburn,J"]
[Black "Hinks Edwards,T"]
[Result "1/2-1/2"]
[WhiteElo "2158"]
[BlackElo "2363"]

1.d4 Nf6 2.c4 e6 3.Nc3 Bb4 4.Nf3 b6 5.Bg5 Bb7 6.e3 h6 7.Bh4 g5 8.Bg3 Ne4
9.Qc2 Bxc3+ 10.bxc3 d6 11.Bd3 Nxg3 12.hxg3 Nd7 13.Be4 Bxe4 14.Qxe4 Nf6 15.Qc6+ Ke7
16.a4 Qd7 17.Qb5 a6 18.Qb3 Qc6 19.Ke2 Ne4 20.Rhc1 g4 21.Ne1 h5 22.Nd3 Nxg3+
23.fxg3 Qxg2+ 24.Kd1 Qxg3 25.Qc2 Qxe3 26.Qe2 Qxe2+ 27.Kxe2 h4 28.Rh1 f5 29.Nf4 Kf6
30.Kf2 c6 31.Rab1 e5 32.Ne2 Rab8 33.dxe5+ dxe5 34.Rbd1 Ke6 35.Rde1 Kf6 36.Rd1 Ke6
37.Rde1 Rbd8 38.Rb1 Rb8 39.Rbe1  1/2-1/2

[Event "TCh-AUT B"]
[Site "Mitte AUT"]
[Date "2002.10.11"]
[Round "6"]
[White "Kreisl,R"]
[Black "Knoll,H"]
[Result "0-1"]
[WhiteElo "2121"]
[BlackElo "2365"]

1.d4 Nf6 2.c4 e6 3.Nc3 Bb4 4.Nf3 O-O 5.Bg5 d5 6.e3 h6 7.Bh4 c5 8.a3 Bxc3+
9.bxc3 Qa5 10.Bxf6 Qxc3+ 11.Nd2 gxf6 12.Rb1 dxc4 13.Bxc4 cxd4 14.Rb3 Qa5
15.exd4 Rd8 16.Qg4+ Kf8 17.Qf4 Qg5 18.Qc7 Nc6 19.h4 Qa5 20.Qxa5 Nxa5 21.Rd3 Nxc4
22.Nxc4 b6 23.Ne3 Bb7 24.Rd2 Rac8 25.O-O Rc3 26.Re1 f5 27.g3 Rdc8 28.d5 Rc1
29.Rxc1 Rxc1+ 30.Kh2 Ra1 31.Rd3 Bxd5 32.Nxd5 exd5 33.Rxd5 Rxa3 34.Rxf5 Rb3
35.Rf4 a5 36.Ra4 Rb4 37.Ra1 a4 38.Kg2 b5 39.Kf3 Rb3+ 40.Ke4 a3 41.Kd4 b4
42.Kc4 Rb2  0-1

[Event "Essent Open"]
[Site "Hoogeveen NED"]
[Date "2002.10.12"]
[Round "2"]
[White "Quinn,M"]
[Black "Alekseev,E"]
[Result "0-1"]
[WhiteElo "2429"]
[BlackElo "2593"]

1.d4 Nf6 2.c4 e6 3.Nc3 Bb4 4.Nf3 O-O 5.g3 c5 6.Bg2 Ne4 7.Qd3 cxd4 8.Nxd4 Nxc3
9.bxc3 Be7 10.O-O d6 11.Rd1 a6 12.f4 Nd7 13.Ba3 Qc7 14.Nc2 Nc5 15.Qe3 Rb8
16.Rd2 g6 17.Rad1 b6 18.g4 Bb7 19.Bf3 Rfe8 20.g5 Bf8 21.h4 d5 22.Rd4 e5 23.fxe5 Rxe5
24.Qf2 dxc4 25.Rxc4 Rbe8 26.Bc1 Bxf3 27.Qxf3 Rxe2 28.Bf4 Qe7 29.Nb4 Re1+
30.Kg2 Rxd1 31.Qxd1 Bg7 32.Nd5 Qe6 33.Bc7 Ne4 34.Nxb6 Nxc3 35.Qf3 Nb5 36.a4 Nd4
37.Qg3 Qe2+ 38.Qf2 Qg4+ 39.Bg3 Re2 40.Rc8+ Bf8  0-1

[Event "FSGM Oct"]
[Site "Budapest HUN"]
[Date "2002.10.14"]
[Round "10"]
[White "Erdos,V"]
[Black "Seres,L"]
[Result "1-0"]
[WhiteElo "2416"]
[BlackElo "2465"]

1.d4 Nf6 2.c4 e6 3.Nc3 Bb4 4.Nf3 b6 5.Qb3 Qe7 6.Bg5 Bb7 7.e3 h6 8.Bh4 Bxc3+
9.bxc3 d6 10.Nd2 g5 11.Bg3 Nh5 12.e4 f5 13.Be2 Nxg3 14.fxg3 O-O 15.O-O fxe4
16.Rxf8+ Qxf8 17.Bg4 Qe8 18.Re1 Qg6 19.d5 e5 20.c5 dxc5 21.Nxe4 Na6 22.c4 Bc8
23.Bxc8 Rxc8 24.Qa4 Nb4 25.a3 Nd3 26.Re3 a5 27.Qc2 Nb4 28.axb4 cxb4 29.Qa4 Rf8
30.Re1 Rd8 31.h3 Kg7 32.g4 Qe8 33.Qa1 Qe7 34.Ng3 Qc5+ 35.Kh1 Re8 36.Qb1  1-0

[Event "Bundesliga 2002-3"]
[Site "Baden-Baden GER"]
[Date "2002.10.20"]
[Round "2"]
[White "Schlosser,P"]
[Black "Dinstuhl,V"]
[Result "1-0"]
[WhiteElo "2534"]
[BlackElo "2416"]

1.d4 Nf6 2.c4 e6 3.Nc3 Bb4 4.Nf3 c5 5.g3 Nc6 6.Bg2 Ne4 7.Bd2 Nxd2 8.Qxd2 cxd4
9.Nxd4 Ne5 10.b3 a6 11.O-O Qc7 12.Nd5 exd5 13.Qxb4 d6 14.Bxd5 O-O 15.Rfd1 Rb8
16.Bg2 Rd8 17.Rac1 Bd7 18.Qd2 Ng4 19.Qf4 b6 20.Nc2 Be6 21.Nb4  1-0

[Event "Bundesliga 2002-3"]
[Site "Forchheim GER"]
[Date "2002.10.20"]
[Round "2"]
[White "Conquest,S"]
[Black "Hertneck,G"]
[Result "1/2-1/2"]
[WhiteElo "2537"]
[BlackElo "2502"]

1.d4 Nf6 2.Nf3 e6 3.c4 Bb4+ 4.Nc3 b6 5.Bg5 Bb7 6.Nd2 h6 7.Bh4 O-O 8.e3 Be7
9.Bd3 Bxg2 10.Rg1 Bb7 11.Bxf6 Bxf6 12.Qh5 Kh8 13.O-O-O Nc6 14.Rg3 Ne7 15.Rdg1 Ng8
16.f4 d5 17.cxd5 Bxd5 18.Nde4 g6 19.Qh3 c5 20.Nxf6 Qxf6 21.f5 gxf5 22.Nxd5 exd5
23.Bxf5 cxd4 24.Rg7 Qxg7 25.Rxg7 Kxg7 26.exd4 Rfe8 27.Qg2+ Kf8 28.a3 Rad8
29.Kb1 Rd6 30.Qg3 Red8 31.Qe5 Nf6 32.Ka2 a5 33.Qf4 Ne8 34.Qe5 Rf6 35.Kb3 Rdd6
36.Bh7 Nc7 37.Qg3 Ke7 38.Bd3 Ne6 39.Qh4 Ng5 40.Ka4 Rf3 41.Bb1 Rdf6 42.Qe1+ Ne6
43.Qe5 R6f4 44.Kb5 Rxd4 45.Kxb6 a4 46.Bf5 Rb3+ 47.Ka5 Rc4 48.Bxe6 fxe6 49.Qg7+ Kd6
50.Qf8+ Ke5 51.Qg7+ Kd6  1/2-1/2

[Event "Olympiad w"]
[Site "Bled SLO"]
[Date "2002.10.27"]
[Round "2"]
[White "Vasilevich,T"]
[Black "Hagarova,Z"]
[Result "1-0"]
[WhiteElo "2415"]
[BlackElo "2333"]

1.d4 Nf6 2.c4 e6 3.Nc3 Bb4 4.Nf3 c5 5.e3 Nc6 6.Bd3 Bxc3+ 7.bxc3 d6 8.e4 e5
9.h3 h6 10.Be3 b6 11.d5 Ne7 12.Nd2 Ng6 13.g3 O-O 14.Nf1 Nh7 15.Qc2 Bd7 16.h4 Qc8
17.Bd2 Kh8 18.Ne3 Ne7 19.Nf5 Nxf5 20.exf5 Nf6 21.f3 b5 22.cxb5 c4 23.Be4 Qc5
24.Qc1 Nxd5 25.Bxh6 f6 26.Qd2 Ne7 27.Be3 Qxb5 28.Bxa8 Rxa8 29.g4 Qc6 30.O-O Bc8
31.Rad1 d5 32.h5 Bb7 33.Qf2 Kg8 34.Bc5 Kf7 35.Rd2 Qc7 36.Rfd1 Kg8 37.Ba3 Nc8
38.Qc5 Qf7 39.Qe3 Nb6 40.Bc5 Na4 41.Ba3 Nb6 42.Rh2 Bc6 43.h6 g5 44.fxg6 Qxg6
45.h7+ Kh8 46.Rh6 Qg7 47.Rh5 Be8 48.Rh2 Bd7 49.Kf2 Re8 50.Qh6 Qf7 51.Qh5 Qg7
52.Bc5 Na4 53.Rxd5 Nxc3 54.Rd6 Nb5 55.Rd1 Bc6 56.Be3 Qe7 57.Qg6 Nd4 58.g5 Bxf3
59.gxf6 Be4 60.fxe7 Bxg6 61.Rxd4  1-0

[Event "Olympiad w"]
[Site "Bled SLO"]
[Date "2002.10.28"]
[Round "3"]
[White "Palao,M"]
[Black "Vovk,Ok"]
[Result "0-1"]
[WhiteElo "2137"]
[BlackElo "2088"]

1.d4 Nf6 2.c4 e6 3.Nf3 Bb4+ 4.Nc3 c5 5.e3 Nc6 6.Bd3 Bxc3+ 7.bxc3 d6 8.O-O e5
9.Qc2 O-O 10.Rb1 Re8 11.Bf5 b6 12.Rd1 e4 13.Bxc8 Qxc8 14.Nd2 Na5 15.Qa4 Qe6
16.Ba3 Rec8 17.Rb5 Qe8 18.Qc2 cxd4 19.Rxa5 d3 20.Qb3 bxa5 21.Bxd6 Qc6 22.Bg3 Nd7
23.Rb1 Nb6 24.c5 Na4 25.Bd6 Re8 26.Qc4 Rac8 27.Rb5 Nb6 28.cxb6 Qxc4 29.Nxc4 Rxc4
30.b7 d2 31.Rd5 Rxc3 32.Kf1 Rd3  0-1

[Event "Olympiad"]
[Site "Bled SLO"]
[Date "2002.10.29"]
[Round "4"]
[White "Bacrot,E"]
[Black "Korchnoi,V"]
[Result "1/2-1/2"]
[WhiteElo "2653"]
[BlackElo "2634"]

1.d4 Nf6 2.c4 e6 3.Nc3 Bb4 4.Nf3 b6 5.Bg5 Bb7 6.e3 c5 7.dxc5 bxc5 8.Qc2 Qa5
9.Bd3 d6 10.O-O Bxc3 11.bxc3 Nbd7 12.Nd2 O-O 13.Rfb1 Rab8 14.Rb5 Qc7 15.Rab1 Bc6  1/2-1/2

[Event "Open"]
[Site "Le Touquet FRA"]
[Date "2002.10.30"]
[Round "6"]
[White "Giffard,N"]
[Black "Gurevich,Vl"]
[Result "1/2-1/2"]
[WhiteElo "2303"]
[BlackElo "2444"]

1.d4 Nf6 2.c4 e6 3.Nc3 Bb4 4.Nf3 c5 5.Qb3 Nc6 6.dxc5 Ne4 7.Bd2 Nxd2 8.Nxd2 Bxc5
9.e3 O-O 10.Nde4 Be7 11.O-O-O b6 12.Nd6 Bxd6 13.Rxd6 Qe7 14.Qd1 Rd8 15.Be2 Ba6
16.Qd2 Rac8 17.Rd1 Rc7 18.Kb1 Qg5 19.g4 Qg6+ 20.e4 f6 21.f4 Qh6 22.Bf1 Kf7
23.Qf2 Ne7 24.f5 e5 25.h4 Qf4 26.Qxf4 exf4 27.Nb5 Bxb5 28.cxb5 h6 29.h5 Nc8
30.R6d4 Ke7 31.Be2 Rc5 32.a4 Re5 33.Bf3 Rc5 34.R1d2 Re5 35.Bd1 d5 36.exd5 Nd6
37.Rxf4 Ne4 38.Rd4 Nd6 39.Bf3 Rc8 40.Rd1 Re3 41.Rd2 Rc4 42.Rxc4 Nxc4 43.d6+ Nxd6
44.Bc6 Re5 45.Rd4 Rc5 46.b3 Re5 47.Kb2 Re2+ 48.Ka3 Re1 49.Kb4 Ra1 50.Kc3 Rc1+
51.Kb2 Rg1 52.Ka3  1/2-1/2

[Event "Olympiad w"]
[Site "Bled SLO"]
[Date "2002.10.31"]
[Round "6"]
[White "Vasilevich,T"]
[Black "Zigangirova,S"]
[Result "1/2-1/2"]
[WhiteElo "2415"]
[BlackElo "2241"]

1.d4 Nf6 2.c4 e6 3.Nc3 Bb4 4.Nf3 c5 5.e3 O-O 6.Bd3 d5 7.O-O cxd4 8.exd4 dxc4
9.Bxc4 Bxc3 10.bxc3 Qc7 11.Bd3 Nbd7 12.Bg5 b6 13.Rc1 Bb7 14.Qe2 Ng4 15.Be4 Ngf6
16.Bc2 Ng4 17.Be4 Ngf6 18.Bxb7 Qxb7 19.Rfe1 h6 20.Bh4 Rac8 21.c4 Rc6 22.Ne5 Nxe5
23.dxe5 Nd7 24.Qg4 Rfc8 25.Rc3 Nf8 26.Rec1  1/2-1/2

[Event "Olympiad"]
[Site "Bled SLO"]
[Date "2002.10.31"]
[Round "6"]
[White "Bacrot,E"]
[Black "Kulaots,K"]
[Result "1/2-1/2"]
[WhiteElo "2653"]
[BlackElo "2542"]

1.d4 Nf6 2.c4 e6 3.Nc3 Bb4 4.Nf3 c5 5.g3 cxd4 6.Nxd4 Ne4 7.Qd3 Bxc3+ 8.bxc3 Nc5
9.Qf3 Nc6 10.Bf4 O-O 11.Bg2 b6 12.Nxc6 dxc6 13.Rd1 Qf6 14.Bd6 Qxf3 15.Bxf3 Rd8
16.Bxc5 Rxd1+ 17.Kxd1 bxc5 18.Kc2 Ba6 19.Bxc6 Rd8 20.Bb5 Bb7 21.f3 Kf8 22.Rb1 Ke7
23.Rb3 Kd6 24.Ba4 Ba6 25.Bb5 Bb7 26.Kd2 Kc7+ 27.Ke3 f6 28.Rb1 Rd6 29.h4 Bc8
30.g4 e5 31.Ba4 Rb6 32.Rb5 Kd6 33.Bc2 h6 34.Bf5 Bb7 35.a4 Bc6 36.Ra5 a6 37.h5  1/2-1/2

[Event "Olympiad"]
[Site "Bled SLO"]
[Date "2002.11.06"]
[Round "11"]
[White "Gelfand,B"]
[Black "Rozentalis,E"]
[Result "1/2-1/2"]
[WhiteElo "2704"]
[BlackElo "2563"]

1.d4 Nf6 2.c4 e6 3.Nc3 Bb4 4.Nf3 O-O 5.Bg5 d5 6.e3 c6 7.Qb3 Be7 8.Bd3 dxc4
9.Bxc4 b5 10.Be2 Nbd7 11.O-O Bb7 12.e4 h6 13.Bh4 b4 14.e5 Nh5 15.Bxe7 Qxe7
16.Ne4 Nf4 17.Bc4 c5 18.Qe3 Ng6 19.dxc5 Bxe4 20.Qxe4 Qxc5 21.Bxe6 Ndxe5 22.Rac1 Nxf3+
23.Qxf3 Qe7 24.Bb3 Rac8 25.g3 Ne5 26.Qe4 Rxc1 27.Rxc1 Re8 28.Kg2 Kf8 29.h3 a5
30.f4 Nd7 31.Qxe7+ Kxe7 32.Rc7 Kd6 33.Ra7 Re2+ 34.Kf3 Rxb2 35.Bxf7 Rc2 36.Rxa5 Rc3+
37.Kg2 Rc2+ 38.Kf1 Rc3 39.Kf2 Rc2+ 40.Ke3 Rc3+ 41.Kd4 Rxg3 42.Ra6+ Ke7 43.Be6 Nf8
44.Bc4 Rxh3 45.Kc5 Nd7+ 46.Kxb4 Rf3 47.Re6+ Kd8 48.Re4 g5 49.fxg5  1/2-1/2

[Event "WYb12"]
[Site "Heraklio GRE"]
[Date "2002.11.21"]
[Round "7"]
[White "Nguyen Ngoc Truongson"]
[Black "Kuzubov,Y"]
[Result "1-0"]
[WhiteElo "2274"]
[BlackElo "2186"]

1.d4 Nf6 2.c4 e6 3.Nc3 Bb4 4.Nf3 c5 5.e3 d6 6.Bd3 Bxc3+ 7.bxc3 Nc6 8.O-O O-O
9.Nd2 e5 10.Ne4 Bf5 11.Ng3 Bxd3 12.Qxd3 Re8 13.f3 Rc8 14.Bd2 cxd4 15.cxd4 d5
16.c5 e4 17.Qb3 Qd7 18.Rf2 exf3 19.gxf3 h5 20.Qd3 Ne7 21.Re1 h4 22.Ne2 Ng6
23.Nc3 b6 24.cxb6 axb6 25.Rb1 Re6 26.Qb5 Rec6 27.Qd3 h3 28.Ne2 Ra8 29.a3 Nh5
30.Kh1 Rf6 31.Rg1 Qf5 32.Qxf5 Rxf5 33.Bc1 Nh4 34.Rgf1 Rc8 35.Ng1 Nf6 36.Bb2 Re8
37.Bc1 Rc8 38.Bd2 Rc2 39.Be1 Rc1 40.Bd2 Rxf1 41.Rxf1 Ne4 42.Bc1 g5 43.Nxh3 Rxf3
44.Rxf3 Nxf3 45.a4 f6 46.Kg2 Nh4+ 47.Kf1 Kf7 48.Nf2 Nc3 49.a5 bxa5 50.Bd2 Nb5
51.Bxa5 Nf5 52.Ke2 Ke6 53.Bb4 Nh4 54.Nd3 Na7 55.Be1 Nf5 56.Nb4 Nd6 57.Na6 Ne4
58.Kf3 Nc6 59.Kg4 f5+ 60.Kf3  1-0

[Event "74th ch-GER"]
[Site "Saarbruecken GER"]
[Date "2002.11.27"]
[Round "6"]
[White "Siebrecht,S"]
[Black "Slobodjan,R"]
[Result "0-1"]
[WhiteElo "2426"]
[BlackElo "2521"]

1.d4 Nf6 2.Nf3 e6 3.c4 Bb4+ 4.Nc3 b6 5.Bd2 Bb7 6.e3 O-O 7.Bd3 Bxc3 8.Bxc3 Ne4
9.Qc2 f5 10.O-O-O Nxc3 11.Qxc3 Qf6 12.Rhg1 d6 13.Qc2 Nd7 14.Nd2 c5 15.d5 Ne5
16.e4 f4 17.f3 Qh6 18.Rh1 Bc8 19.Rde1 Qg6 20.Reg1 exd5 21.cxd5 Qf6 22.Nc4 Bd7
23.Nxe5 Qxe5 24.Qc3 Rae8 25.Qxe5 Rxe5 26.Kd2 Be8 27.Ke2 Rf6 28.Kf2 Rh5 29.Rc1 a5
30.a3 a4 31.Ba6 Rf7 32.Rc3 Ra7 33.Bc8 Kf7 34.b3 axb3 35.Rxb3 b5 36.Ra1 Kf6
37.h3 Rg5 38.Be6 Ke5 39.a4 Ra5 40.Rba3 b4 41.R3a2 b3 42.Ra3 Rxa4 43.h4 Rg3
44.Bh3 Rxa3 45.Rxa3 c4 46.Ra8 Bb5 47.Rb8 c3  0-1

[Event "TCh-CZE 2002-3"]
[Site "Czech Rep CZE"]
[Date "2002.12.01"]
[Round "4"]
[White "Obsivac,J"]
[Black "Polak,T"]
[Result "1/2-1/2"]
[WhiteElo "2344"]
[BlackElo "2475"]

1.d4 Nf6 2.c4 e6 3.Nc3 Bb4 4.Nf3 c5 5.g3 cxd4 6.Nxd4 Ne4 7.Qd3 Bxc3+ 8.bxc3 Nc5
9.Qf3 d6 10.Bg2 Nbd7 11.O-O Ne5 12.Qh5 O-O 13.Rb1 f5 14.Nf3 Nxc4 15.Rd1 Ne4
16.Ng5 Nf6 17.Qh4 Qc7 18.Bxb7 Bxb7 19.Nxe6 Qc6 20.Rxb7 Qxb7 21.Qxc4 d5 22.Qd3 Rfe8
23.Nf4 g6 24.Be3 Rad8 25.Bd4 Ne4 26.Rb1 Qc6 27.f3  1/2-1/2

[Event "Winter Cup"]
[Site "Bucharest ROM"]
[Date "2002.12.06"]
[Round "6"]
[White "Bets,A"]
[Black "Milanovic,Sla"]
[Result "1/2-1/2"]
[WhiteElo "2332"]
[BlackElo "2298"]

1.d4 e6 2.Nf3 Nf6 3.c4 Bb4+ 4.Nc3 b6 5.Bg5 h6 6.Bh4 c5 7.e3 O-O 8.d5 d6 9.dxe6 Bxc3+
10.bxc3 fxe6 11.Bd3 Bb7 12.O-O Qe7 13.Bg6 Nbd7 14.Bc2 Rad8 15.Bg3 Ne5 16.Nd2 Ba6
17.Bxe5 dxe5 18.Qe2 Bb7 19.e4 Nh5 20.Nf3 Nf4  1/2-1/2

[Event "TCh-ESP"]
[Site "Mondariz ESP"]
[Date "2002.12.06"]
[Round "7"]
[White "Campos Moreno,J"]
[Black "Corral Blanco,J"]
[Result "1/2-1/2"]
[WhiteElo "2475"]
[BlackElo "2463"]

1.d4 Nf6 2.c4 e6 3.Nc3 Bb4 4.Nf3 d6 5.Bg5 Nbd7 6.e3 c5 7.Bd3 cxd4 8.exd4 Bxc3+
9.bxc3 Qa5 10.O-O O-O 11.Rb1 Re8 12.Re1 Qc7 13.c5 dxc5 14.Ne5 h6 15.Bh4 b6
16.Bb5 Bb7 17.Qa4 a6 18.Bxd7 b5 19.Bxb5 axb5 20.Qxb5 Ba6 21.Qxc5 Qxc5 22.dxc5 Nd5
23.c4 Ne7 24.Bxe7 Rxe7 25.Rb6 Rc7 26.c6 f6 27.Nd3 Bxc4 28.Nb4 e5 29.Rc1 Be6
30.Rb7 Rac8 31.Rc2 Bf5 32.Rc5 Rxb7 33.cxb7 Rxc5 34.b8=Q+ Rc8 35.Qxc8+  1/2-1/2

[Event "Bundesliga 2002-3"]
[Site "Solingen GER"]
[Date "2002.12.14"]
[Round "5"]
[White "Johannessen,LE"]
[Black "Babula,V"]
[Result "0-1"]
[WhiteElo "2534"]
[BlackElo "2590"]

1.d4 Nf6 2.c4 e6 3.Nc3 Bb4 4.Nf3 b6 5.Bg5 Bb7 6.Nd2 h6 7.Bh4 O-O 8.e3 Be7
9.e4 c5 10.dxc5 bxc5 11.Bd3 d5 12.exd5 exd5 13.O-O Nbd7 14.Bg3 d4 15.Nce4 Ne8
16.f4 f5 17.Nf2 Nd6 18.Re1 Nf6 19.Re5 Nd7 20.Re6 Re8 21.Qh5 Nf8 22.Re2 Bf6
23.Rae1 Rxe2 24.Rxe2 Qd7 25.h3 g6 26.Ng4 fxg4 27.Qxc5 gxh3 28.f5 Nxf5 29.Be5 Bxe5
30.Qxe5 Qd6 31.Qb5 h2+  0-1

[Event "Friendship A"]
[Site "Roznov CZE"]
[Date "2002.12.15"]
[Round "11"]
[White "Obsivac,J"]
[Black "Bernasek,J"]
[Result "1/2-1/2"]
[WhiteElo "2344"]
[BlackElo "2422"]

1.d4 Nf6 2.c4 e6 3.Nc3 Bb4 4.Nf3 O-O 5.g3 b6 6.Qb3 c5 7.Bg2 Nc6 8.O-O Ba6
9.Nb5 d5 10.a3 dxc4 11.Qa4 Ba5 12.dxc5 bxc5 13.Bf4 Nd5 14.Ne5 Nxe5 15.Bxe5 Qb6
16.Nc3 Rad8 17.Rac1 f6 18.Nxd5 exd5 19.Bc3 Bxc3 20.bxc3 d4 21.Rb1 Qd6 22.Bb7 Bxb7
23.Rxb7 Qd5 24.Qxa7 Rf7 25.Rxf7 Qxf7 26.Qxc5 d3 27.exd3 cxd3 28.Rd1 d2 29.Qe3 Qd5
30.a4 Kf7 31.h4 g5 32.hxg5 fxg5 33.a5 Rd6 34.a6 Rxa6 35.Qxd2 Qxd2 36.Rxd2 Ke6
37.Kf1 h5 38.Ke2 Rc6 39.Rd3 Kf5  1/2-1/2

[Event "5th It"]
[Site "Ramat-Aviv ISR"]
[Date "2002.12.26"]
[Round "3"]
[White "Rapoport,I"]
[Black "Porat,S"]
[Result "1/2-1/2"]
[WhiteElo "2301"]
[BlackElo "2343"]

1.d4 Nf6 2.c4 e6 3.Nc3 Bb4 4.Nf3 Nc6 5.Bg5 h6 6.Bd2 d5 7.e3 O-O 8.Be2 Ne4
9.O-O Nxd2 10.Nxd2 Re8 11.Bf3 Ne7 12.Qb3 Bxc3 13.bxc3 c6 14.e4 b6 15.cxd5 cxd5
16.exd5 exd5  1/2-1/2

[Event "North American Open"]
[Site "Las Vegas USA"]
[Date "2002.12.29"]
[Round "6"]
[White "Milov,V"]
[Black "De Guzman,R"]
[Result "1-0"]
[WhiteElo "2620"]
[BlackElo "2389"]

1.d4 Nf6 2.c4 e6 3.Nc3 Bb4 4.Nf3 b6 5.Qb3 Bxc3+ 6.Qxc3 Bb7 7.e3 d6 8.b4 Nbd7
9.Bb2 O-O 10.Be2 Ne4 11.Qc2 c5 12.a3 d5 13.dxc5 bxc5 14.cxd5 Bxd5 15.O-O Rc8
16.Ba6 Rc7 17.Rac1 c4 18.Qe2 c3 19.Ba1 f5 20.Rfd1 Qf6 21.Nd4 Nb8 22.Bd3 Qg6
23.f3 Ng5 24.Rxc3 Rxc3 25.Bxc3 Nc6 26.Kh1 Nxd4 27.Bxd4 Qh5 28.Rf1 Rc8 29.Qf2 h6
30.Qg3 Qf7 31.Kg1 Nh7 32.a4 Nf6 33.b5 Ne8 34.a5 Qd7 35.b6 axb6 36.axb6 Bb7
37.h3 Kh7 38.Ra1 Ra8 39.Rxa8 Bxa8 40.Qe5 Nd6 41.Bc2 Nc4 42.Qc7  1-0

[Event "TCh-CZE 2002-3"]
[Site "Czech Rep CZE"]
[Date "2003.01.18"]
[Round "5"]
[White "Obsivac,J"]
[Black "Vyskocil,N"]
[Result "1/2-1/2"]
[WhiteElo "2344"]
[BlackElo "2387"]

1.d4 e6 2.c4 Nf6 3.Nc3 Bb4 4.Nf3 O-O 5.g3 d5 6.cxd5 exd5 7.Bg2 c6 8.O-O Nbd7
9.Bd2 Nb6 10.Na4 Bxd2 11.Nxd2 Nxa4 12.Qxa4 Bf5 13.Rac1 Qb6 14.Nb3 a5 15.Qa3 Qb4
16.Rfd1 Ra6 17.Nc5 Rb6 18.Na4 Ra6 19.Nc5 Rb6 20.Na4 Ra6 21.Nc5  1/2-1/2

[Event "Tch-SWE 2002-3"]
[Site "Sweden SWE"]
[Date "2003.01.18"]
[Round "6"]
[White "Hultin,J"]
[Black "Eriksson,Mag1"]
[Result "1/2-1/2"]
[WhiteElo "2300"]
[BlackElo "2322"]

1.d4 e6 2.c4 Nf6 3.Nc3 Bb4 4.Nf3 c5 5.g3 cxd4 6.Nxd4 Ne4 7.Qd3 Bxc3+ 8.bxc3 Nc5
9.Qe3 b6 10.Bg2 Bb7 11.Bxb7 Nxb7 12.Ba3 Nc6 13.Rd1 Rc8 14.Nxc6 Rxc6 15.Qd4 f6
16.O-O d6 17.Qg4 Qd7 18.Qh5+ g6 19.Qh6 Na5 20.Rd4 Nxc4 21.Bc1 e5 22.Rdd1 Rc5
23.e4 Rf8 24.f4  1/2-1/2

[Event "GMA"]
[Site "Wijk aan Zee NED"]
[Date "2003.01.19"]
[Round "7"]
[White "Topalov,V"]
[Black "Karpov,An"]
[Result "1/2-1/2"]
[WhiteElo "2743"]
[BlackElo "2688"]

1.d4 Nf6 2.c4 e6 3.Nc3 Bb4 4.Nf3 c5 5.g3 O-O 6.Bg2 cxd4 7.Nxd4 d5 8.cxd5 Nxd5
9.Qb3 Qb6 10.Bxd5 exd5 11.Be3 Qa5 12.Rc1 Nc6 13.a3 Bxc3+ 14.Qxc3 Qa6 15.Nxc6 Qxc6
16.Qxc6 bxc6 17.Kd2 Bd7 18.Rc3 Rfb8 19.b3 f6 20.Rd1 Rb7 21.Kc2 a6 22.Bc5 Re8
23.e3 Bg4 24.Rd4 Re4 25.Rd2 Kf7 26.Bd4 Re6 27.a4 Rb8 28.Rc5 Ke7 29.Ra5 Ra8
30.Kb2 Kd7 31.Ka3 Ree8 32.Rc5 Rab8 33.Rdc2 Rec8 34.Rc1 h5 35.Ra5 Ra8 36.Rc2 Re8
37.h4 Bf3 38.Rac5 Rec8 39.Rd2 Kd6 40.Kb4 Rcb8+ 41.Kc3 Rc8 42.b4 Kd7 43.Ra5 Re8
44.Kb2 Kc7 45.Rc5 Kd7 46.Bc3 Kd6 47.Ra5 Kc7 48.Kc1 Re4 49.Bd4 Ree8 50.Rc5 Kd7
51.Rdc2 Rec8 52.Kd2 Rab8 53.Bc3 Re8 54.Ke1 Ra8 55.Ra5 Kd6 56.Rd2 Kc7 57.Rd3 Re4
58.Bd4 Ree8 59.Kd2 Bg4 60.Rc5 Kd7 61.Rdc3 Rec8 62.Ra5 Bf3 63.Bb6 Rcb8 64.Bc5 Re8
65.Rd3 Kc7 66.Bd4 Kd7 67.Bc3 Kc7 68.Bb2 Re4 69.Bd4 Ree8  1/2-1/2

[Event "Inv. Tens"]
[Site "Wijk aan Zee NED"]
[Date "2003.01.25"]
[Round "8"]
[White "Janssen,R"]
[Black "Erwich,M"]
[Result "1-0"]
[WhiteElo "2470"]
[BlackElo "2342"]

1.d4 Nf6 2.c4 e6 3.Nc3 Bb4 4.Nf3 b6 5.Qb3 Bxc3+ 6.Qxc3 Bb7 7.Bg5 d6 8.Nd2 h6
9.Bh4 Nbd7 10.f3 O-O 11.e4 c5 12.Bf2 cxd4 13.Qxd4 d5 14.e5 Ne8 15.Be2 Qc7
16.Bg3 dxc4 17.Nxc4 Nb8 18.Nd6 Nxd6 19.exd6 Qd7 20.Rc1 Nc6 21.Qd2 Rfd8 22.O-O Ne7
23.Bh4 f6 24.Rfd1 Nf5 25.Rc7 Qxc7 26.dxc7 Rxd2 27.Rxd2 Rc8 28.Bc4 Kf7 29.Rd7+ Ne7
30.Bg3 Re8 31.Rd8 Bc8 32.Bb5 Rg8 33.Bd6 Nf5 34.Ba3  1-0

[Event "National I"]
[Site "Montpellier FRA"]
[Date "2003.02.01"]
[Round "2"]
[White "Kazhgaleyev,M"]
[Black "Chernuschevich,A"]
[Result "1-0"]
[WhiteElo "2604"]
[BlackElo "2486"]

1.d4 Nf6 2.c4 e6 3.Nf3 Bb4+ 4.Nc3 c5 5.g3 Bxc3+ 6.bxc3 Qa5 7.Qd3 Nc6 8.Bd2 d6
9.Bg2 e5 10.Nh4 Qc7 11.d5 Na5 12.f4 e4 13.Bxe4 Nxe4 14.Qxe4+ Qe7 15.Qd3 O-O
16.O-O f5 17.Ng2 b6 18.g4 Ba6 19.Ne3 fxg4 20.f5 Rae8 21.Rf4 h5 22.Raf1 Rf6
23.h3 gxh3 24.R1f3 Qe5 25.Rh4 Rg6+ 26.fxg6 Qg5+ 27.Kf1 Nxc4 28.Nxc4 Qg2+
29.Ke1 Bxc4 30.Rxc4 h2 31.Rh4 c4 32.Rxh2 Qxh2 33.Qxc4 Qg1+ 34.Rf1 Qxg6 35.Kd1 Qg2
36.Re1 Rf8 37.Qd4 Rf6 38.Rg1 Rf1+ 39.Rxf1 Qxf1+ 40.Be1 Qf6 41.Kc1 Qg5+ 42.Kc2 Qg2
43.Kd3 Qh1 44.Kd2 Qg2 45.c4 Qg6 46.Qd3 Qf6 47.Qe4 Qb2+ 48.Ke3 Qxa2 49.Qe8+ Kh7
50.Qxh5+ Kg8 51.Qe8+ Kh7 52.Qe4+ Kh6 53.Qh4+ Kg6 54.Qe4+ Kh6 55.Qh4+ Kg6
56.Bc3 Qb3 57.Qg4+ Kh6 58.Qxg7+ Kh5 59.Qh7+ Kg5 60.Qd3  1-0

[Event "Gibraltar Masters"]
[Site "Catalan Bay ENG"]
[Date "2003.02.04"]
[Round "8"]
[White "Plaskett,J"]
[Black "Bick,J"]
[Result "1-0"]
[WhiteElo "2467"]
[BlackElo "2296"]

1.Nf3 Nf6 2.c4 e6 3.d4 Bb4+ 4.Nc3 c5 5.e3 O-O 6.Bd3 Nc6 7.O-O d5 8.cxd5 exd5
9.dxc5 Bxc5 10.Na4 Bd6 11.b3 Ne4 12.Bb2 Bg4 13.h3 Bh5 14.Nc3 Nd2 15.Qxd2 Bxf3
16.Be2 Ne5 17.Qd1 Be4 18.Nxe4 dxe4 19.Qd4 f5 20.Qd5+ Nf7 21.Qxf5 Qe7 22.Bc4 Kh8
23.Rad1 Ng5 24.Qg4 h6 25.h4 Nh7 26.Rxd6  1-0

[Event "Aeroflot Open"]
[Site "Moscow RUS"]
[Date "2003.02.11"]
[Round "1"]
[White "Danielian,O"]
[Black "Aleksandrov,A"]
[Result "0-1"]
[WhiteElo "2521"]
[BlackElo "2633"]

1.d4 Nf6 2.c4 e6 3.Nc3 Bb4 4.Nf3 d5 5.Bg5 Nbd7 6.cxd5 exd5 7.e3 O-O 8.Bd3 c5
9.Qc2 Qa5 10.O-O c4 11.Bf5 Re8 12.Nd2 g6 13.Bxd7 Nxd7 14.Rfe1 Nb6 15.h4 Bf5
16.e4 dxe4 17.Ndxe4 Nd7 18.f3 Bf8 19.Qd2 Re6 20.d5 Ra6 21.Rad1 Bxe4 22.Rxe4 b5
23.Be7 b4 24.Ne2 Bxe7 25.Rxe7 Qc5+ 26.Qe3 Qxe3+ 27.Rxe3 Rxa2 28.b3 c3  0-1

[Event "Jersey Open"]
[Site "Jersey JCI"]
[Date "2003.02.20"]
[Round "5"]
[White "Ward,C"]
[Black "Grant,A"]
[Result "1-0"]
[WhiteElo "2513"]
[BlackElo "2255"]

1.d4 Nf6 2.c4 e6 3.Nc3 Bb4 4.Nf3 Ne4 5.Qc2 f5 6.g3 O-O 7.Bg2 Nc6 8.O-O Bxc3
9.bxc3 Na5 10.Qd3 b6 11.Nd2 Nxd2 12.Bxd2 Ba6 13.Bxa8 Qxa8 14.Bf4 Bxc4 15.Qc2 d6
16.f3 h6 17.Rf2 Qb7 18.Rg2 Rf6 19.g4 fxg4 20.Rxg4 Qc8 21.Kf2 Qf8 22.Be3 Bd5
23.Rg3 Nc4 24.Rag1 Nxe3 25.Rxg7+ Qxg7 26.Rxg7+ Kxg7 27.Kxe3 b5 28.Qb2 a6
29.Qa3 Bb7 30.Qb4 Rf7 31.c4 Bc6 32.Qa5 bxc4 33.Qxa6 Bd5 34.Kd2 e5 35.dxe5 dxe5
36.e4 c3+ 37.Kc2 Rf6 38.Qxf6+ Kxf6 39.exd5 Kf5 40.Kxc3 Kf4 41.a4 Kxf3 42.d6 cxd6
43.a5  1-0